[Event "XXVII. Rhein-Main-Open, Gruppe A"]
[Site "Bad Homburg vor der Höhe"]
[Date "2025.06.19"]
[Round "3.36"]
[White "Rotärmel, Leonie"]
[Black "Dolidze, David"]
[Result "1/2-1/2"]
[WhiteElo "1699"]
[BlackElo "1809"]
[PlyCount "96"]
[GameId "535116227118"]
[EventDate "2025.06.18"]
[WhiteTeam "SK Bad Homburg 1927"]
[BlackTeam "SC Eschborn 1974"]

1. e4 d6 2. d4 g6 3. Nf3 Nf6 4. Bd3 Bg7 5. c3 Nc6 6. h3 e5 7. dxe5 dxe5 8. Be3 O-O 9. Na3 Qe7 10. O-O Rd8 11. Qc2 h6 12. Nc4 Ne8 13. Rad1 a5 14. a4 Be6 15. Rfe1 Rd7 16. Ncd2 Rad8 17. Bc4 Bxc4 18. Nxc4 Qe6 19. Rxd7 Rxd7 20. Qb3 Nd6 21. Nfd2 b6 22. Nxd6 Qxb3 23. Nxb3 Rxd6 24. Nd2 f5 25. f4 Rd7 26. exf5 gxf5 27. Nc4 e4 28. g4 Ne7 29. Nd2 Rd3 30. Kf2 Bf6 31. Re2 Nd5 32. Nf1 Nxf4 33. Bxf4 Rf3+ 34. Kg2 Rxf4 35. gxf5 Rxf5 36. Rxe4 Rd5 37. Kf3 Kf7 38. Ne3 Rd2 39. Nc4 Rh2 40. Kg3 Rh1 41. Na3 Rg1+ 42. Kf2 Rd1 43. Kf3 Rd3+ 44. Re3 Rd5 45. Re4 h5 46. Nb5 c5 47. Na3 Bg5 48. Nc4 Bd8 1/2-1/2

[Event "XXVII. Rhein-Main-Open, Gruppe A"]
[Site "Bad Homburg vor der Höhe"]
[Date "2025.06.19"]
[Round "3.37"]
[White "Herrmann, Gerhard"]
[Black "Feick, Claas Marten"]
[Result "0-1"]
[WhiteElo "1668"]
[BlackElo "1918"]
[PlyCount "98"]
[GameId "535116227119"]
[EventDate "2025.06.18"]
[WhiteTeam "SC Königsspringer Alzenau e.V"]
[BlackTeam "SF Neuberg"]

1. e4 c5 2. Nf3 e6 3. c3 d5 4. Bb5+ Bd7 5. Bxd7+ Qxd7 6. exd5 Qxd5 7. O-O Nc6 8. d4 Rd8 9. Qa4 cxd4 10. Nxd4 Bc5 11. Nxc6 Qxc6 12. Qxc6+ bxc6 13. Be3 Bxe3 14. fxe3 Nf6 15. Na3 Ne4 16. Nc4 Nd2 17. Nxd2 Rxd2 18. Rf2 Rd3 19. e4 Re3 20. Raf1 O-O 21. Rf4 e5 22. Rg4 Rb8 23. Kf2 Rd3 24. Ke2 Rbd8 25. Rb1 Rd2+ 26. Ke1 h5 27. Rg3 h4 28. Rg4 h3 29. gxh3 Rxh2 30. Rg1 Rxh3 31. Rd1 Rb8 32. Rd2 Re3+ 33. Kd1 Rxe4 34. Kc1 g6 35. Rd7 a5 36. Rf1 Rf4 37. Re1 Rb5 38. Rd8+ Kg7 39. Rh1 Rd5 40. Rdh8 e4 41. R1h7+ Kf6 42. Rf8 Ke7 43. Rhh8 Rh5 44. Re8+ Kf6 45. Rhf8 a4 46. Kd2 Rh3 47. Rc8 Rf2+ 48. Ke1 Rxb2 49. Rxc6+ Kg7 0-1

[Event "XXVII. Rhein-Main-Open, Gruppe A"]
[Site "Bad Homburg vor der Höhe"]
[Date "2025.06.19"]
[Round "3.39"]
[White "Siegismund, Florian"]
[Black "Rabiya, Karim"]
[Result "1/2-1/2"]
[WhiteElo "1875"]
[BlackElo "1810"]
[PlyCount "87"]
[GameId "535116227121"]
[EventDate "2025.06.18"]
[WhiteTeam "SK Bad Schwalbach"]
[BlackTeam "SK Niederbrechen 1948"]

1. d4 Nf6 2. c4 e6 3. Nc3 Bb4 4. e3 O-O 5. Bd3 d5 6. a3 Bxc3+ 7. bxc3 b6 8. cxd5 exd5 9. Ne2 Re8 10. O-O c5 11. Ng3 Nc6 12. f3 Bb7 13. Ra2 Rc8 14. Re2 g6 15. Bb2 h5 16. Qe1 Rc7 17. Qf2 Rce7 18. e4 h4 19. Nh1 cxd4 20. cxd4 Kg7 21. e5 Nh5 22. Qxh4 Re6 23. Qxd8 Nxd8 24. f4 f5 25. h3 Rf8 26. Ref2 Kf7 27. g4 Ng7 28. Ng3 Ke7 29. Bc3 Kd7 30. Bb4 Rf7 31. Rc2 a6 32. gxf5 Nxf5 33. Nxf5 gxf5 34. Bd6 Rg6+ 35. Kf2 Ne6 36. Rg1 Rxg1 37. Kxg1 b5 38. Kf2 Nxf4 39. Rc7+ Ke6 40. Rxf7 Nxd3+ 41. Ke3 Kxf7 42. Kxd3 Bc8 43. Ke3 f4+ 44. Kxf4 1/2-1/2

[Event "XXVII. Rhein-Main-Open, Gruppe A"]
[Site "Bad Homburg vor der Höhe"]
[Date "2025.06.19"]
[Round "3.40"]
[White "Schmitt, Clemens"]
[Black "Ottenburg, Ralph"]
[Result "0-1"]
[WhiteElo "1881"]
[BlackElo "1962"]
[PlyCount "68"]
[GameId "535116227122"]
[EventDate "2025.06.18"]
[WhiteTeam "SV Bergwinkel"]
[BlackTeam "Sabt Frankfurter TV 1860"]

1. c4 e6 2. Nc3 Nf6 3. e4 d6 4. d4 c5 5. Nf3 cxd4 6. Nxd4 Nc6 7. Be2 Be7 8. O-O O-O 9. Nc2 a6 10. Be3 Qc7 11. Rc1 Rb8 12. b3 b6 13. f3 Bd7 14. Qe1 Ne5 15. Nd4 Nc6 16. Nxc6 Bxc6 17. Nd5 Qd8 18. Nxe7+ Qxe7 19. Qf2 Nd7 20. b4 Rfc8 21. c5 bxc5 22. bxc5 Bb5 23. Bxb5 axb5 24. cxd6 Qxd6 25. Rcd1 Qe7 26. Qb2 h6 27. Rc1 Kh7 28. Rxc8 Rxc8 29. Qxb5 Qa3 30. Bxh6 Qa7+ 31. Kh1 Kxh6 32. g4 Kh7 33. Rd1 Nf6 34. g5 Qf2 0-1

[Event "XXVII. Rhein-Main-Open, Gruppe A"]
[Site "Bad Homburg vor der Höhe"]
[Date "2025.06.19"]
[Round "3.42"]
[White "Ploder, Udo"]
[Black "Holschuh, Elias"]
[Result "1-0"]
[WhiteElo "1884"]
[BlackElo "1746"]
[PlyCount "49"]
[GameId "535116227124"]
[EventDate "2025.06.18"]
[WhiteTeam "SF Braunfels"]
[BlackTeam "SV Worms 1878"]

1. e4 d6 2. d4 Nf6 3. Nc3 Nbd7 4. Nf3 e5 5. g4 Nxg4 6. Rg1 Ngf6 7. Bc4 h6 8. dxe5 dxe5 9. Be3 c6 10. Qd3 Qc7 11. O-O-O b5 12. Bb3 a5 13. a4 b4 14. Ne2 Ba6 15. Bc4 Bxc4 16. Qxc4 g6 17. Nh4 Nb6 18. Bxb6 Qxb6 19. Kb1 Qc5 20. Qd3 Be7 21. Qf3 Qc4 22. Ng3 Nxe4 23. Nxe4 f5 24. Nd6+ Bxd6 25. Rxd6 1-0

[Event "XXVII. Rhein-Main-Open, Gruppe A"]
[Site "Bad Homburg vor der Höhe"]
[Date "2025.06.19"]
[Round "3.43"]
[White "Börsch, Dieter"]
[Black "Kretner, Georg-Ulrich"]
[Result "1/2-1/2"]
[WhiteElo "1800"]
[BlackElo "1909"]
[PlyCount "45"]
[GameId "535116227125"]
[EventDate "2025.06.18"]
[WhiteTeam "SK Bad Homburg 1927"]
[BlackTeam "SC Bad Nauheim"]

1. d4 Nf6 2. c4 g6 3. Nc3 Bg7 4. e4 d6 5. Nf3 O-O 6. Be2 e5 7. d5 a5 8. O-O Na6 9. b3 h6 10. Rb1 Ne8 11. Nd2 f5 12. a3 Nc5 13. b4 axb4 14. axb4 Nxe4 15. Ndxe4 fxe4 16. Nxe4 Bf5 17. f3 Nf6 18. Bd3 Nxe4 19. Bxe4 Bxe4 20. fxe4 Qh4 21. Rxf8+ Rxf8 22. Qe2 Ra8 23. g3 1/2-1/2

[Event "XXVII. Rhein-Main-Open, Gruppe A"]
[Site "Bad Homburg vor der Höhe"]
[Date "2025.06.19"]
[Round "3.44"]
[White "Jakob, Steffen"]
[Black "Liu, Jonas"]
[Result "1-0"]
[WhiteElo "1900"]
[BlackElo "1645"]
[PlyCount "67"]
[GameId "535116227126"]
[EventDate "2025.06.18"]
[WhiteTeam "Sges Bensheim 1931"]
[BlackTeam "SV Oberursel"]

1. d4 Nf6 2. Nc3 g6 3. e4 d6 4. Be3 Bg7 5. Qd2 Nbd7 6. O-O-O a6 7. Be2 O-O 8. e5 Ne8 9. f4 b5 10. Bf3 Rb8 11. h4 h5 12. Qe2 Bb7 13. g4 hxg4 14. Bxb7 Rxb7 15. Qxg4 b4 16. Nce2 a5 17. h5 Nef6 18. exf6 Nxf6 19. Qg2 Qb8 20. hxg6 a4 21. Rd3 b3 22. cxb3 axb3 23. a3 Ra7 24. d5 Ra4 25. Bd4 Rc4+ 26. Nc3 Qb5 27. Kb1 Rxc3 28. Rxc3 Nxd5 29. Bxg7 Nxc3+ 30. Bxc3 Qd3+ 31. Kc1 Qe3+ 32. Qd2 Qxd2+ 33. Kxd2 fxg6 34. Rh8+ 1-0

[Event "XXVII. Rhein-Main-Open, Gruppe A"]
[Site "Bad Homburg vor der Höhe"]
[Date "2025.06.19"]
[Round "3.45"]
[White "Glavev, Danail"]
[Black "Schultze, Jörg-Martin"]
[Result "1-0"]
[WhiteElo "1655"]
[BlackElo "1909"]
[PlyCount "65"]
[GameId "535116227127"]
[EventDate "2025.06.18"]
[WhiteTeam "SK Bad Homburg 1927"]
[BlackTeam "SF Braunfels"]

1. e4 c5 2. Nc3 Nc6 3. Bb5 g6 4. Bxc6 dxc6 5. d3 Bg7 6. f4 Nf6 7. Nf3 O-O 8. O-O Bg4 9. Qe1 Bxf3 10. Rxf3 e5 11. f5 c4 12. Be3 cxd3 13. Rd1 Qa5 14. cxd3 Rad8 15. h3 Rd7 16. g4 Ne8 17. Qf2 b5 18. a3 f6 19. fxg6 hxg6 20. h4 Rff7 21. h5 g5 22. Rh3 Bh6 23. Qf5 Rh7 24. Qe6+ Kf8 25. Bc5+ Rde7 26. Bxe7+ Rxe7 27. Qxc6 Qb6+ 28. Qxb6 axb6 29. Nxb5 Rd7 30. d4 Kf7 31. d5 Bf8 32. b4 Kg7 33. Rc1 1-0

[Event "XXVII. Rhein-Main-Open, Gruppe A"]
[Site "Bad Homburg vor der Höhe"]
[Date "2025.06.19"]
[Round "3.46"]
[White "Köhlich, Viktor"]
[Black "Ziska, Stephan"]
[Result "0-1"]
[WhiteElo "1774"]
[BlackElo "1862"]
[PlyCount "102"]
[GameId "535116227128"]
[EventDate "2025.06.18"]
[WhiteTeam "SC Matt im Park Ffm"]
[BlackTeam "Schachforum Darmstadt"]

1. d4 d5 2. Nf3 Nf6 3. c3 e6 4. Bf4 Bd6 5. e3 Bxf4 6. exf4 c5 7. dxc5 Qc7 8. g3 Qxc5 9. Nbd2 Nc6 10. Bd3 b6 11. O-O O-O 12. Ne5 Bb7 13. Qe2 Rad8 14. Ndf3 d4 15. b4 Nxe5 16. bxc5 Nxf3+ 17. Kg2 Nh4+ 18. Kh3 Bf3 19. Qe5 Bg4+ 20. Kxh4 Rd5 21. Qxd5 Nxd5 22. Rg1 Bf3 23. cxd4 bxc5 24. dxc5 f5 25. a3 Rf6 26. g4 fxg4 27. Rxg4 Bxg4 28. Kxg4 Rxf4+ 29. Kg3 Rd4 30. Rd1 Kf8 31. Be2 Ra4 32. Rd3 Ke7 33. Rb3 Ra5 34. Rb7+ Kf6 35. c6 Rxa3+ 36. f3 Rc3 37. Bb5 a6 38. Bxa6 Rxc6 39. Bd3 h6 40. Be4 Rd6 41. h4 Nc3 42. h5 Ne2+ 43. Kg4 Rd4 44. Rb3 Rd1 45. Rb5 Rg1+ 46. Kh4 Nf4 47. Rb6 Rg5 48. Bc6 Rxh5+ 49. Kg4 g5 50. Bd7 Rh2 51. Kg3 Rg2# 0-1

[Event "XXVII. Rhein-Main-Open, Gruppe A"]
[Site "Bad Homburg vor der Höhe"]
[Date "2025.06.19"]
[Round "3.47"]
[White "Wilk, Jan"]
[Black "Pade, Joachim"]
[Result "1-0"]
[WhiteElo "1916"]
[BlackElo "1777"]
[PlyCount "69"]
[GameId "535116227129"]
[EventDate "2025.06.18"]
[WhiteTeam "SC Bellheim"]
[BlackTeam "SV Rochade Hünfeld"]

1. d4 e6 2. c4 f5 3. a3 a5 4. Nc3 Nf6 5. Bf4 d6 6. e3 Be7 7. Nf3 O-O 8. Be2 Ne4 9. Qc2 Nxc3 10. Qxc3 Bd7 11. O-O-O Bf6 12. h3 Na6 13. Qc2 Qe7 14. g4 g6 15. gxf5 exf5 16. h4 Rab8 17. h5 Rf7 18. Rdg1 Rg7 19. Bh6 g5 20. Bxg7 Kxg7 21. h6+ Kh8 22. Bd3 b5 23. Bxf5 Rg8 24. Bxd7 Qxd7 25. Nd2 b4 26. Ne4 Be7 27. Qd3 c5 28. dxc5 Qe6 29. cxd6 Bf6 30. Nxf6 Qxf6 31. Qd4 Qxd4 32. exd4 b3 33. Rh5 a4 34. Rhxg5 Rf8 35. Rg8+ 1-0

[Event "XXVII. Rhein-Main-Open, Gruppe A"]
[Site "Bad Homburg vor der Höhe"]
[Date "2025.06.19"]
[Round "3.48"]
[White "Kopf, Rainer"]
[Black "Boscher, Hans"]
[Result "1/2-1/2"]
[WhiteElo "1893"]
[BlackElo "1741"]
[PlyCount "43"]
[GameId "535116227130"]
[EventDate "2025.06.18"]
[WhiteTeam "SC Bellheim"]
[BlackTeam "SC Bad Soden"]

1. Nf3 Nf6 2. d4 e6 3. Bg5 Be7 4. Nbd2 d5 5. e3 Nbd7 6. Bd3 O-O 7. O-O c5 8. c3 b6 9. Ne5 Bb7 10. f4 Ne4 11. Bxe7 Qxe7 12. Nxd7 Qxd7 13. Qc2 cxd4 14. exd4 f5 15. Nf3 Qe7 16. Rae1 Rac8 17. Re3 Rf6 18. Ne5 Rh6 19. Bxe4 dxe4 20. a3 b5 21. Qe2 a6 22. Qd2 1/2-1/2

[Event "XXVII. Rhein-Main-Open, Gruppe A"]
[Site "Bad Homburg vor der Höhe"]
[Date "2025.06.19"]
[Round "3.49"]
[White "Deniz, Ata Gökay"]
[Black "Schmidt, Kai-Uwe"]
[Result "0-1"]
[WhiteElo "1791"]
[BlackElo "1989"]
[PlyCount "50"]
[GameId "535116227131"]
[EventDate "2025.06.18"]
[WhiteTeam "SVG Lauterbach"]
[BlackTeam "SC Pirmasens 1912"]

1. c4 c5 2. Nc3 Nc6 3. g3 g6 4. Bg2 Bg7 5. Nf3 e5 6. d3 Nge7 7. a3 O-O 8. Rb1 a5 9. O-O d6 10. Nd2 Rb8 11. Nb5 f5 12. e3 Be6 13. b3 d5 14. Bb2 Qd7 15. f4 Rbd8 16. Rf2 dxc4 17. dxc4 Qd3 18. Qe2 Qc2 19. Qd1 Qxd1+ 20. Rxd1 exf4 21. Bxg7 fxg3 22. hxg3 Kxg7 23. Re1 Ne5 24. Bf1 Rxd2 25. Rxd2 Nf3+ 0-1

[Event "XXVII. Rhein-Main-Open, Gruppe A"]
[Site "Bad Homburg vor der Höhe"]
[Date "2025.06.19"]
[Round "3.50"]
[White "Gärtner, David"]
[Black "Varma, Christopher"]
[Result "1/2-1/2"]
[WhiteElo "1755"]
[BlackElo "1924"]
[PlyCount "94"]
[GameId "535116227132"]
[EventDate "2025.06.18"]
[WhiteTeam "Sfr.Mainz 1928"]
[BlackTeam "SV Oberursel"]

1. d4 g6 2. c4 Bg7 3. Nc3 d6 4. e4 e5 5. Be3 exd4 6. Bxd4 Nf6 7. f3 Nc6 8. Be3 O-O 9. Nge2 Nd7 10. Nd4 a5 11. Qd2 Nxd4 12. Bxd4 Ne5 13. Be2 Be6 14. b3 Nc6 15. Bxg7 Kxg7 16. h4 Qf6 17. h5 Qd4 18. Qc1 Kf6 19. Nb5 Qb6 20. hxg6 hxg6 21. Qc3+ Ke7 22. Kd2 Na7 23. Nd4 Qb4 24. Rh2 Qxc3+ 25. Kxc3 Rh8 26. Rah1 Rxh2 27. Rxh2 c5 28. Nb5 Nc6 29. a4 Nb4 30. f4 Bd7 31. Nc7 Rg8 32. g4 Bc6 33. Nd5+ Bxd5 34. exd5 g5 35. f5 Kf6 36. Rh6+ Ke5 37. Rh7 Kf6 38. Rh6+ Ke5 39. Rh7 Rf8 40. Rg7 Kf6 41. Rh7 Na6 42. Kd3 Nc7 43. Rh5 Ne8 44. Ke3 Ng7 45. Rh3 Re8+ 46. Kd3 Rg8 47. Rh7 Ke7 1/2-1/2

[Event "XXVII. Rhein-Main-Open, Gruppe A"]
[Site "Bad Homburg vor der Höhe"]
[Date "2025.06.19"]
[Round "3.51"]
[White "Kappeler, Georg"]
[Black "Moldenhauer, Lennart"]
[Result "1-0"]
[WhiteElo "1771"]
[BlackElo "1751"]
[PlyCount "67"]
[GameId "535116227133"]
[EventDate "2025.06.18"]
[WhiteTeam "SK Marburg 1931/72"]
[BlackTeam "SV Oberursel"]

1. c4 g6 2. d4 Bg7 3. Nf3 d6 4. g3 e5 5. dxe5 dxe5 6. Qxd8+ Kxd8 7. Nc3 c6 8. Bg5+ Kc7 9. O-O-O f6 10. Be3 Bf5 11. Bg2 Bh6 12. Bd2 Nd7 13. h3 a5 14. b3 Nc5 15. Bxh6 Nxh6 16. Nh4 Be6 17. Ne4 Nxe4 18. Bxe4 a4 19. Kb2 g5 20. Nf3 g4 21. hxg4 Nxg4 22. Rhf1 h6 23. Nh4 Rhd8 24. Rd3 Rxd3 25. exd3 axb3 26. axb3 Rd8 27. f3 Ne3 28. Re1 f5 29. Rxe3 fxe4 30. Rxe4 Rxd3 31. Rxe5 Bc8 32. Rh5 Rd6 33. Nf5 Rf6 34. Nd4 1-0

[Event "XXVII. Rhein-Main-Open, Gruppe A"]
[Site "Bad Homburg vor der Höhe"]
[Date "2025.06.19"]
[Round "3.52"]
[White "Gerhard, Dominik"]
[Black "Gärtner, Johannes"]
[Result "1/2-1/2"]
[WhiteElo "1795"]
[BlackElo "1735"]
[PlyCount "48"]
[GameId "535116227134"]
[EventDate "2025.06.18"]
[WhiteTeam "SV Oberursel"]
[BlackTeam "Sfr.Mainz 1928"]

1. c4 e5 2. Nc3 Nf6 3. Nf3 Nc6 4. e3 Bb4 5. Qc2 Bxc3 6. bxc3 O-O 7. e4 d6 8. Be2 Nd7 9. d3 h6 10. O-O Nc5 11. Be3 a6 12. Nd2 Ne6 13. Nb3 Qf6 14. Rad1 Nf4 15. Rfe1 Qg6 16. Bf1 f5 17. f3 fxe4 18. dxe4 b6 19. a4 a5 20. Nc1 Nd8 21. Nd3 Nde6 22. Kh1 Bd7 23. Rd2 Nxd3 24. Bxd3 Nf4 1/2-1/2

[Event "XXVII. Rhein-Main-Open, Gruppe A"]
[Site "Bad Homburg vor der Höhe"]
[Date "2025.06.19"]
[Round "3.53"]
[White "Mallmann, Bernd"]
[Black "Papadopoulos, Kyriakos"]
[Result "1/2-1/2"]
[WhiteElo "1855"]
[BlackElo "1726"]
[PlyCount "66"]
[GameId "535116227135"]
[EventDate "2025.06.18"]
[WhiteTeam "Schulschach IGS Trier e.V."]
[BlackTeam "VSG 1880 Offenbach"]

1. c4 e6 2. g3 Nf6 3. Bg2 d5 4. Nf3 c5 5. e3 Nc6 6. b3 g6 7. Bb2 Bg7 8. O-O O-O 9. a3 dxc4 10. bxc4 Qb6 11. Qc2 Rd8 12. Nc3 Na5 13. Rab1 Qd6 14. Nb5 Qd3 15. Qxd3 Rxd3 16. Ne5 Rd8 17. Bc3 Nc6 18. Nxc6 bxc6 19. Bxc6 Rb8 20. Ba5 Rd3 21. Bc7 Rb7 22. Bxb7 Bxb7 23. Nd4 Be4 24. Rb8+ Bf8 25. f3 cxd4 26. fxe4 Nxe4 27. exd4 Rxd4 28. Rf4 Rxc4 29. Rxe4 Rxc7 30. Ra4 Kg7 31. Kf2 Bc5+ 32. Ke2 Rd7 33. Rc8 Bb6 1/2-1/2

[Event "XXVII. Rhein-Main-Open, Gruppe A"]
[Site "Bad Homburg vor der Höhe"]
[Date "2025.06.19"]
[Round "3.55"]
[White "Basedow, Marc"]
[Black "Held, Bernhard"]
[Result "0-1"]
[WhiteElo "1682"]
[BlackElo "1842"]
[PlyCount "68"]
[GameId "535116227137"]
[EventDate "2025.06.18"]
[WhiteTeam "SC Bad Soden"]
[BlackTeam "SK 1908 Göggingen"]

1. c4 e6 2. g3 d5 3. Bg2 Nf6 4. e3 Be7 5. Nc3 O-O 6. b3 c5 7. Nge2 Nc6 8. O-O b6 9. Bb2 Bb7 10. cxd5 exd5 11. d4 c4 12. bxc4 dxc4 13. d5 Na5 14. e4 Nd7 15. d6 Bf6 16. f4 Bxc3 17. Bxc3 b5 18. Bb4 Nc6 19. Bd2 b4 20. Rb1 a5 21. a3 Rb8 22. axb4 axb4 23. Bxb4 Qb6+ 24. Kh1 Nxb4 25. Qa4 Bc6 26. Qd1 Qc5 27. Nd4 Qxd6 28. e5 Bxg2+ 29. Kxg2 Qd5+ 30. Nf3 Nd3 31. Rc1 Rb2+ 32. Rc2 Rfb8 33. Rff2 Rxc2 34. Rxc2 Nxf4+ 0-1

[Event "XXVII. Rhein-Main-Open, Gruppe A"]
[Site "Bad Homburg vor der Höhe"]
[Date "2025.06.20"]
[Round "4.1"]
[White "Tiarks, Jann-Christian"]
[Black "Krause, Jonah"]
[Result "1/2-1/2"]
[WhiteElo "2228"]
[BlackElo "2361"]
[PlyCount "47"]
[GameId "535116227139"]
[EventDate "2025.06.18"]
[WhiteTeam "SG 1871 Löberitz"]
[BlackTeam "FC ST.Pauli 1910 eV SAbt"]

1. e4 c5 2. Nf3 e6 3. d4 cxd4 4. Nxd4 Nc6 5. Nc3 Qc7 6. Be3 a6 7. g4 Nxd4 8. Qxd4 b5 9. O-O-O Bb7 10. f3 Rc8 11. Qd2 Bb4 12. Bd4 f6 13. g5 h6 14. gxf6 Nxf6 15. Rg1 e5 16. Be3 g5 17. Bh3 Bxc3 18. bxc3 Qxc3 19. Bxd7+ Kf7 20. Qxc3 Rxc3 21. Rge1 Bc8 22. Bxc8 Rhxc8 23. Re2 Ke6 24. Kb2 1/2-1/2

[Event "XXVII. Rhein-Main-Open, Gruppe A"]
[Site "Bad Homburg vor der Höhe"]
[Date "2025.06.20"]
[Round "4.2"]
[White "Schmid, Roland"]
[Black "Akhmatovski, Maxim"]
[Result "1-0"]
[WhiteElo "2193"]
[BlackElo "2108"]
[PlyCount "91"]
[GameId "535116227140"]
[EventDate "2025.06.18"]
[WhiteTeam "SG Post/Süd Regensburg"]
[BlackTeam "SV Oberursel"]

1. c4 c5 2. Nf3 g6 3. e4 Bg7 4. d4 Qa5+ 5. Nc3 d6 6. d5 Bxc3+ 7. bxc3 Bg4 8. Qc2 Bxf3 9. gxf3 Nd7 10. Rb1 O-O-O 11. Bh3 Ngf6 12. f4 Kb8 13. Rb5 Qc7 14. O-O h6 15. Bg2 Rdg8 16. e5 Nh5 17. Qe2 Ng7 18. Be3 Ka8 19. Rfb1 Rb8 20. e6 Nf6 21. Bxc5 dxc5 22. d6 exd6 23. Rxb7 Rxb7 24. Rxb7 Qxb7 25. Bxb7+ Kxb7 26. exf7 Kc7 27. Qe7+ Nd7 28. f8=Q Rxf8 29. Qxg7 Rxf4 30. Qxg6 Ne5 31. Qh7+ Rf7 32. Qe4 Rg7+ 33. Kf1 Rg4 34. Qh7+ Kc6 35. Qxh6 Rxc4 36. Qe3 Ra4 37. f4 Nd7 38. h4 d5 39. h5 Re4 40. Qg3 Kb5 41. h6 Nf8 42. Qd3+ Kb6 43. Qxd5 Rxf4+ 44. Ke2 Kb5 45. Qb7+ Kc4 46. Qb3# 1-0

[Event "XXVII. Rhein-Main-Open, Gruppe A"]
[Site "Bad Homburg vor der Höhe"]
[Date "2025.06.20"]
[Round "4.3"]
[White "Hagner, Bennet"]
[Black "Rubsamen, Cornelius"]
[Result "1-0"]
[WhiteElo "2431"]
[BlackElo "2181"]
[PlyCount "45"]
[GameId "535116227141"]
[EventDate "2025.06.18"]
[WhiteTeam "OSG Baden-Baden"]
[BlackTeam "Königsspringer Karben"]

1. g3 Nf6 2. Bg2 g6 3. e4 d6 4. Ne2 Bg7 5. O-O O-O 6. d3 c5 7. f4 Nc6 8. h3 e5 9. f5 d5 10. g4 h6 11. exd5 Ne7 12. fxg6 fxg6 13. c4 g5 14. Be3 Qd6 15. Nbc3 Bd7 16. Ng3 Rac8 17. Nce4 Nxe4 18. Rxf8+ Bxf8 19. Nxe4 Qb6 20. b4 Ng6 21. bxc5 Qd8 22. Rb1 Rb8 23. c6 1-0

[Event "XXVII. Rhein-Main-Open, Gruppe A"]
[Site "Bad Homburg vor der Höhe"]
[Date "2025.06.20"]
[Round "4.4"]
[White "Wolf, Ulrich Martin"]
[Black "Nothnagel, Marian Can"]
[Result "0-1"]
[WhiteElo "2152"]
[BlackElo "2434"]
[PlyCount "150"]
[GameId "535116227142"]
[EventDate "2025.06.18"]
[WhiteTeam "SK Bad Homburg 1927"]
[BlackTeam "SK Bickenbach"]

1. d4 Nf6 2. Nf3 g6 3. Bg5 Bg7 4. Nbd2 O-O 5. e4 d5 6. exd5 Nxd5 7. Nb3 h6 8. Bd2 Nd7 9. Bc4 N5f6 10. O-O Ne4 11. Re1 Nxd2 12. Qxd2 e6 13. Rad1 Kh7 14. c3 a5 15. Nc1 Nf6 16. Nd3 b6 17. Nde5 Bb7 18. Nxf7 Rxf7 19. Ne5 Re7 20. Qc2 Be4 21. Rxe4 Nxe4 22. Nc6 Qe8 23. Qxe4 Rf7 24. Bxe6 Rf6 25. d5 Qf8 26. Ne5 Qd6 27. Nd3 Re8 28. h4 c6 29. c4 Rfxe6 30. dxe6 Rxe6 31. Qf4 Qxf4 32. Nxf4 Re4 33. g3 g5 34. hxg5 hxg5 35. Nh3 Rxc4 36. Nxg5+ Kg6 37. Ne6 Bxb2 38. Rd2 Bf6 39. Kg2 Kf5 40. Nf4 Bg5 41. Rb2 Bxf4 42. gxf4 b5 43. Kf3 Rc3+ 44. Ke2 Kxf4 45. Kd1 Kf3 46. Rd2 a4 47. Rd6 Ke4 48. Kd2 Ra3 49. Rxc6 Rxa2+ 50. Kc3 Ra3+ 51. Kb2 Rf3 52. Rb6 Rxf2+ 53. Kc3 Rf3+ 54. Kc2 Rb3 55. Rb8 Kd4 56. Rc8 Rb4 57. Rd8+ Kc5 58. Rc8+ Kb6 59. Kc3 Rb3+ 60. Kc2 Rh3 61. Kb2 Ka5 62. Rg8 a3+ 63. Ka2 Ka4 64. Ra8+ Kb4 65. Rg8 Rh2+ 66. Kb1 Ka4 67. Rg4+ b4 68. Rg1 b3 69. Rg4+ Kb5 70. Rg5+ Kc4 71. Rg4+ Kd5 72. Rg5+ Ke4 73. Rg4+ Kf3 74. Rg1 Re2 75. Rh1 Kg2 0-1

[Event "XXVII. Rhein-Main-Open, Gruppe A"]
[Site "Bad Homburg vor der Höhe"]
[Date "2025.06.20"]
[Round "4.5"]
[White "Milov, Leonid"]
[Black "Henrich, Thomas"]
[Result "0-1"]
[WhiteElo "2404"]
[BlackElo "2083"]
[PlyCount "84"]
[GameId "535116227143"]
[EventDate "2025.06.18"]
[WhiteTeam "SC Noris-Tarrasch Nürnberg 1873"]
[BlackTeam "SK Marburg 1931/72"]

1. c4 e5 2. g3 g6 3. d4 d6 4. Nc3 Nc6 5. dxe5 Nxe5 6. Bg2 Bg7 7. Nf3 Ne7 8. c5 O-O 9. cxd6 cxd6 10. O-O N5c6 11. Be3 Nf5 12. Bg5 Qa5 13. e4 Nfd4 14. Nxd4 Bxd4 15. Bd2 Qd8 16. Bh6 Re8 17. Qd2 Be6 18. Rac1 Qa5 19. b3 Rad8 20. Bg5 f6 21. Bf4 Qh5 22. Be3 Bxe3 23. Qxe3 Kg7 24. Ne2 Qa5 25. Nd4 Nxd4 26. Qxd4 Re7 27. Rc2 a6 28. f4 Bf7 29. g4 d5 30. exd5 Bxd5 31. g5 Rf7 32. gxf6+ Rxf6 33. Re2 Kf7 34. Rd1 Rfd6 35. Rde1 Re6 36. b4 Rxe2 37. bxa5 Rxe1+ 38. Kf2 Re2+ 39. Kf1 Rxa2 40. Kg1 Rd7 41. Qh8 Rxg2+ 42. Kf1 Rxh2 0-1

[Event "XXVII. Rhein-Main-Open, Gruppe A"]
[Site "Bad Homburg vor der Höhe"]
[Date "2025.06.20"]
[Round "4.6"]
[White "Haack, Kevin"]
[Black "Giel, Olaf"]
[Result "1-0"]
[WhiteElo "2390"]
[BlackElo "2106"]
[PlyCount "69"]
[GameId "535116227144"]
[EventDate "2025.06.18"]
[WhiteTeam "SV 1920 Hofheim"]
[BlackTeam "SF Bremer Osten Bürgerhaus Mahnd"]

1. d4 Nf6 2. c4 e5 3. dxe5 Ng4 4. Bf4 Bb4+ 5. Nc3 Bxc3+ 6. bxc3 Nc6 7. Nf3 Qe7 8. Qd5 f6 9. exf6 Nxf6 10. Qd3 d6 11. g3 O-O 12. Bg2 Bd7 13. O-O Rae8 14. Rae1 Ne4 15. Nd4 Nc5 16. Qd1 a6 17. Nb3 Ne4 18. c5 Nxc3 19. cxd6 Qf6 20. Qd2 cxd6 21. e4 Nb5 22. Rc1 Nbd4 23. Rfd1 g5 24. Bxd6 Nf3+ 25. Bxf3 Qxf3 26. Qxg5+ Kh8 27. Bxf8 Rxf8 28. Qe3 Qg4 29. Qc3+ Kg8 30. Nc5 Bc8 31. Rd6 Rf3 32. Qc4+ Kh8 33. Rcd1 Rf8 34. Qc3+ Kg8 35. Nd7 1-0

[Event "XXVII. Rhein-Main-Open, Gruppe A"]
[Site "Bad Homburg vor der Höhe"]
[Date "2025.06.20"]
[Round "4.7"]
[White "Derr, Oleg"]
[Black "Sydykov, Bayastan"]
[Result "1/2-1/2"]
[WhiteElo "2103"]
[BlackElo "2301"]
[PlyCount "78"]
[GameId "535116227145"]
[EventDate "2025.06.18"]
[WhiteTeam "VSG 1880 Offenbach"]
[BlackTeam "SK 1858 Gießen"]

1. e4 c5 2. Nf3 Nc6 3. Nc3 e6 4. d4 cxd4 5. Nxd4 d6 6. Be3 Nf6 7. Be2 Be7 8. O-O O-O 9. f4 a6 10. Kh1 Nxd4 11. Bxd4 b5 12. e5 dxe5 13. fxe5 Nd5 14. Nxd5 exd5 15. c3 Be6 16. Qd2 Qd7 17. Rad1 Rab8 18. b4 Qc6 19. Qd3 Ra8 20. a3 Rfe8 21. h3 Bd8 22. Bf3 Bc7 23. Rfe1 Rad8 24. Bc5 Rd7 25. Qd4 Qa8 26. Rd2 Qd8 27. a4 Qg5 28. axb5 axb5 29. Rde2 Rb8 30. Ra1 h6 31. Qe3 Qg3 32. Bd4 Re8 33. Qf2 Qg6 34. Ra7 Red8 35. Ra6 Qf5 36. Re1 Re7 37. Qe2 Qf4 38. Qe3 Qg3 39. Ra7 Rde8 1/2-1/2